| 000 | 00386nam a22001457a 4500 | ||
|---|---|---|---|
| 020 | _a9788120321076 | ||
| 040 | _cNust | ||
| 082 |
_a620.112 _bPOP |
||
| 100 |
_aEGOR P. Popov _913403 |
||
| 245 | _aEngineering Mechanics of Solids | ||
| 250 | _a2nd Edition | ||
| 260 |
_aNew Delhi: _bPHI Learning Pvt Ltd, _c2011. |
||
| 650 |
_aEngineering Mechanics of Solids _956134 |
||
| 942 |
_2ddc _cBK |
||
| 999 |
_c610314 _d610314 |
||